01598nam a2200325 a 450000100100000000500170001000800410002702000150006804000250008308200240010810000330013224500840016525000110024926000360026030000210029650000340031759000260035165000390037765000240041665000470044065000440048770000310053191000390056295201360060195201360073795201360087395201210100995201270113099900150125700000705720241030103828.0090904s2006 dr 001 0 spa d a9945160338 aDO-SdBNPbspacBNPHU a615.14bS944m, 20061 aSuero M., Waldo Ariel91961810aManual de dosificación en niños /cWaldo Ariel Suero M., José A. Rojas R. a2a ed. aSanto Domingo :bBúho,c2006. a141 p. ;c22 cm. aIncluye índice alfabético aInventariado, 2018/LP 4aFarmacología pediátrica919619 0aPediatría 919620 4aMedicamentosxFormas de posología919621 4aAdministración de medicamentos9196221 aRojas R., José A.919623 aValidado. Control de calidad BNPHU 001054708DSaGRbGRcHDd2009-09-08iLF1l0o615.14 S944m, 2006p7057-30r2020-06-25te. 3w2020-06-25yLFDSZPréstamo en sala 001054708DSaGRbGRcHDd2010-03-22iLF1l0o615.14 S944m, 2006p7057-40r2020-06-25te. 4w2020-06-25yLFDSZPréstamo en sala 001054708DSaGRbGRcHDd2010-03-22iLF1l0o615.14 S944m, 2006p7057-50r2020-06-25te. 5w2020-06-25yLFDSZPréstamo en sala 0010718PDaPDbPDcHDd2009-09-04iLF1l0o615.14 S944m, 2006p7057-10r2020-06-25w2020-06-25yLFPDZNo se presta 0010718PDaPDbPDcHDd2009-09-04iLF1l0o615.14 S944m, 2006p7057-20r2020-06-25te. 2w2020-06-25yLFPDZNo se presta c6840d6840